Kétszáz éves a kolozsvári magyar színjátszás. Bánk Bán
Elmentve itt :
| Szerző: | |
|---|---|
| Adatforrás: | Meister |
| Forrásdokumentuma: | A Hét. - 43-44-45 sz., 1992, 6-7 p. |
| Nyelv: | magyar |
| Kulcsszavak: | színháztörténet kulturális intézmények színházak sajtó kolozsvári színjátszás színjátszás (kolozsvári) Kolozsvár KATONA József Erdélyi Múzeum Farkas utcai színház (Kolozsvár) |
| LEADER | 00699nab a2200229 i 4500 | ||
|---|---|---|---|
| 001 | bibPRO00006567 | ||
| 008 | 060524s1992 xx hun | ||
| 040 | |a Sz1 | ||
| 041 | |a hun | ||
| 100 | 1 | |a DARVAY NAGY Adrienne | |
| 245 | 1 | 0 | |a Kétszáz éves a kolozsvári magyar színjátszás. Bánk Bán |c DARVAY NAGY Adrienne |
| 695 | |a színháztörténet | ||
| 695 | |a kulturális intézmények | ||
| 695 | |a színházak | ||
| 695 | |a sajtó | ||
| 695 | |a kolozsvári színjátszás | ||
| 695 | |a színjátszás (kolozsvári) | ||
| 695 | |a Kolozsvár | ||
| 695 | |a KATONA József | ||
| 695 | |a Erdélyi Múzeum | ||
| 695 | |a Farkas utcai színház (Kolozsvár) | ||
| 773 | 0 | |t A Hét. - |g 43-44-45 sz., 1992, 6-7 p. | |